[Event "Lichtenrader Herbst"]
[Site "Berlin"]
[Date "2018.10.30"]
[Round "4.16"]
[White "Wiegand, Christian"]
[Black "Wierzbicki, Jirawat"]
[Result "1-0"]
[WhiteElo "1930"]
[BlackElo "2199"]
[PlyCount "109"]
[EventDate "2018.??.??"]
[WhiteTeam "SK Duderstadt"]
[BlackTeam "SK König Tegel 1949 e.V."]

1. e4 e5 2. Nf3 Nc6 3. Nc3 Nf6 4. d4 exd4 5. Nxd4 Bb4 6. Nxc6 bxc6 7. Bd3 d5 8.
exd5 cxd5 9. O-O O-O 10. h3 c6 11. Qf3 Bd6 12. Bf4 Rb8 13. b3 Be6 14. Ne2 Qc7
15. Rfe1 c5 16. Bxd6 Qxd6 17. Qf4 Qd7 18. Rad1 Rb4 19. Qf3 Qc7 20. Qg3 Qc6 21.
c3 Rbb8 22. Bb1 Rbd8 23. Qh4 h6 24. Nf4 Rfe8 25. Re3 Bd7 26. Rg3 Kh8 27. Rg5
Bc8 28. Bf5 Ne4 29. Bxe4 dxe4 30. Rgd5 Rxd5 31. Nxd5 Bf5 32. Ne3 Be6 33. c4 Kh7
34. Qf4 Kg8 35. Qd6 Qxd6 36. Rxd6 Kf8 37. Ra6 Re7 38. Rc6 f5 39. g3 f4 40. gxf4
Bxh3 41. Rxc5 Be6 42. b4 Ke8 43. Kh2 g6 44. Rc6 Kf7 45. b5 Rd7 46. a4 Ke7 47.
c5 Rb7 48. Ra6 Rc7 49. b6 axb6 50. cxb6 Rc8 51. a5 Rb8 52. Ra7+ Kd6 53. Rg7 Bf5
54. Nxf5+ gxf5 55. a6 1-0

[Event "Lichtenrader Herbst"]
[Site "Berlin"]
[Date "2018.10.30"]
[Round "4.17"]
[White "Ploder, Udo"]
[Black "Tomov, Georgi"]
[Result "0-1"]
[WhiteElo "2024"]
[BlackElo "2330"]
[PlyCount "90"]
[EventDate "2018.??.??"]
[WhiteTeam "SF Anderssen Wetzlar"]

1. e4 c6 2. d4 d5 3. e5 c5 4. dxc5 e6 5. Be3 Nd7 6. Bb5 Ne7 7. c3 Nc6 8. Nf3
Bxc5 9. Qe2 Qb6 10. Bxc5 Nxc5 11. Na3 a6 12. Bxc6+ bxc6 13. b4 Nd7 14. O-O O-O
15. Rfe1 a5 16. b5 Qc5 17. Qb2 Rb8 18. Nd4 cxb5 19. Naxb5 a4 20. Rab1 Ba6 21.
Qb4 Bxb5 22. Nxb5 Qxb4 23. Rxb4 Nc5 24. Reb1 Nd3 25. Rxa4 Nxe5 26. Rb3 Nd3 27.
Nd4 Nc5 28. Rxb8 Rxb8 29. Rb4 Ra8 30. Rb2 h5 31. Kf1 Nd3 32. Rc2 Ne5 33. Ke2
Nc4 34. f4 Ra4 35. g3 Kf8 36. Nf3 f6 37. Nd2 Nd6 38. Nb3 Ke7 39. Kd3 e5 40. Re2
e4+ 41. Ke3 Nf5+ 42. Kf2 Rc4 43. h3 Rxc3 44. g4 Nh6 45. g5 Nf5 0-1

[Event "Lichtenrader Herbst"]
[Site "Berlin"]
[Date "2018.10.30"]
[Round "4.18"]
[White "Schmuecker, Marcus"]
[Black "Milare, Tyron"]
[Result "1-0"]
[WhiteElo "2271"]
[BlackElo "1985"]
[PlyCount "111"]
[EventDate "2018.??.??"]
[WhiteTeam "SV Hemer 1932"]
[BlackTeam "Potsdamer SV Mitte e.V."]

1. d4 Nf6 2. c4 e6 3. Nc3 Bb4 4. Qc2 O-O 5. Nf3 d5 6. cxd5 exd5 7. Bf4 c6 8. e3
Re8 9. Bd3 Nbd7 10. O-O Bxc3 11. bxc3 Ne4 12. c4 Nf8 13. cxd5 cxd5 14. Rfc1 Ng6
15. Bc7 Qd7 16. Ne5 Nxe5 17. Bxe5 f6 18. Bc7 Qe6 19. f3 Ng5 20. e4 Kh8 21. e5
f5 22. Rab1 Qf7 23. Qb3 a6 24. Bd6 Qe6 25. Qb6 Nf7 26. Bc7 Qxb6 27. Bxb6 Kg8
28. f4 g6 29. a4 Bd7 30. a5 Bc6 31. Kf2 Nh6 32. h3 Kf7 33. Kf3 Ke6 34. g4 Rac8
35. Bc5 Kd7 36. Rb6 Ra8 37. Bb4 Rac8 38. Be1 Re6 39. Bh4 Rf8 40. Bg5 Ng8 41.
gxf5 gxf5 42. Bb1 Ne7 43. Bxe7 Kxe7 44. Rg1 Rg6 45. Rg5 Ke6 46. h4 Ke7 47. h5
Rgg8 48. Rxg8 Rxg8 49. Bxf5 h6 50. Bg6 Rf8 51. f5 Kd7 52. Kf4 Ke7 53. f6+ Ke6
54. Rb1 Bb5 55. Bf5+ Kf7 56. Rg1 1-0

[Event "Lichtenrader Herbst"]
[Site "Berlin"]
[Date "2018.10.30"]
[Round "4.19"]
[White "Hesse, Henrik"]
[Black "Verbitsky, Jaroslaw"]
[Result "1-0"]
[WhiteElo "2272"]
[BlackElo "1934"]
[PlyCount "43"]
[EventDate "2018.??.??"]
[WhiteTeam "SV Mattnetz Berlin e.V."]
[BlackTeam "SV Mattnetz Berlin e.V."]

1. c4 e6 2. g3 d5 3. Bg2 Nf6 4. Nf3 Be7 5. O-O O-O 6. d4 c6 7. Nc3 b6 8. Bf4
dxc4 9. Ne5 Nd5 10. Nxc4 Nxf4 11. gxf4 Qc7 12. Ne5 Bb7 13. Rc1 f6 14. Nd3 Na6
15. Qb3 Qd7 16. f5 Kh8 17. Qxe6 Qxe6 18. fxe6 Nc7 19. Nf4 g5 20. Ncd5 Nxd5 21.
Nxd5 Bd6 22. Ne3 1-0

[Event "Lichtenrader Herbst"]
[Site "Berlin"]
[Date "2018.10.30"]
[Round "4.20"]
[White "Stigar, Petter"]
[Black "Kopischke, Maik"]
[Result "1/2-1/2"]
[WhiteElo "2190"]
[BlackElo "1761"]
[PlyCount "42"]
[EventDate "2018.??.??"]
[WhiteTeam "SK 96"]
[BlackTeam "SC Zugzwang 95 e.V."]

1. Nf3 g6 2. d4 Bg7 3. e4 d6 4. Nc3 Nd7 5. Be3 a6 6. a4 b6 7. Bd3 Bb7 8. O-O e6
9. Qd2 h6 10. Rfe1 Ne7 11. Ne2 c5 12. c3 Nf6 13. Ng3 Ng4 14. h3 Nxe3 15. Qxe3
O-O 16. h4 Qd7 17. h5 g5 18. Bc2 cxd4 19. Nxd4 Nc6 20. Nf3 b5 21. Red1 Ne5
1/2-1/2

[Event "Lichtenrader Herbst"]
[Site "Berlin"]
[Date "2018.10.30"]
[Round "4.21"]
[White "Riering, Berthold"]
[Black "Juhnke, Juergen"]
[Result "0-1"]
[WhiteElo "1961"]
[BlackElo "2228"]
[PlyCount "122"]
[EventDate "2018.??.??"]
[WhiteTeam "SchVgg Blankenese von 1923 e.V."]
[BlackTeam "HSK Lister Turm"]

1. e4 c5 2. Nf3 d6 3. Bb5+ Nc6 4. O-O Bd7 5. Re1 a6 6. Bxc6 Bxc6 7. d4 cxd4 8.
Nxd4 Nf6 9. Nxc6 bxc6 10. Qf3 d5 11. exd5 cxd5 12. c4 e6 13. cxd5 Qxd5 14. Nd2
Be7 15. Qxd5 Nxd5 16. a3 Rc8 17. Nf3 Bf6 18. Re2 Ke7 19. Bg5 Bxg5 20. Nxg5 Rc4
21. g3 Rhc8 22. Nf3 a5 23. Ne5 Rc2 24. Rae1 Nb6 25. b3 R2c3 26. Re3 Nd5 27.
Rxc3 Rxc3 28. Rb1 f6 29. Nc4 a4 30. Na5 Rc5 31. b4 Rc3 32. Ra1 Nc7 33. Nb7 Nb5
34. Nc5 Rxa3 35. Rxa3 Nxa3 36. Nxa4 Kd6 37. f4 Nc2 38. b5 Nd4 39. b6 Kc6 40.
Kf2 Kb5 41. Ke3 Nc6 42. Nc3+ Kxb6 43. g4 Kc5 44. g5 f5 45. h4 h5 46. gxh6 gxh6
47. Ne2 Ne7 48. Ng1 Kd5 49. Nf3 Ng6 50. h5 Nf8 51. Ne5 Kd6 52. Nf7+ Ke7 53.
Nxh6 Kf6 54. Kd4 Nd7 55. Ng8+ Kf7 56. Nh6+ Kg7 57. Nxf5+ exf5 58. Kd5 Kf6 59.
Kd6 Nf8 60. Kd5 Ne6 61. h6 Nxf4+ 0-1

[Event "Lichtenrader Herbst"]
[Site "Berlin"]
[Date "2018.10.30"]
[Round "4.22"]
[White "Landt, Stefan"]
[Black "Kornitzky, Tino"]
[Result "0-1"]
[WhiteElo "1901"]
[BlackElo "2189"]
[PlyCount "74"]
[EventDate "2018.??.??"]
[WhiteTeam "SV Berolina Mitte e.V."]
[BlackTeam "FC Bayern München e.V."]

1. d4 Nf6 2. Nf3 d5 3. c4 e6 4. Nc3 Nbd7 5. e3 a6 6. Qc2 dxc4 7. Bxc4 b5 8. Bd3
c5 9. Ne4 cxd4 10. Nxd4 Bb7 11. O-O Rc8 12. Nxf6+ Nxf6 13. Qe2 Bc5 14. Nb3 Qd5
15. e4 Nxe4 16. Bxe4 Qxe4 17. Qxe4 Bxe4 18. Nxc5 Rxc5 19. Be3 Rc8 20. Rac1 O-O
21. Rxc8 Rxc8 22. Rc1 Rd8 23. Bb6 Rb8 24. f3 Bd5 25. a3 h6 26. Bc7 Rb7 27. h4
Bc4 28. Bd6 f6 29. f4 Kf7 30. Kf2 Rd7 31. Rd1 Bd5 32. Bc5 Kg6 33. g3 Kf5 34.
Ke3 Kg4 35. Kf2 a5 36. a4 bxa4 37. Rd4 Rc7 0-1

[Event "Lichtenrader Herbst"]
[Site "Berlin"]
[Date "2018.10.30"]
[Round "4.23"]
[White "Lachmann, Utz"]
[Black "Woerz, Markus"]
[Result "1/2-1/2"]
[WhiteElo "2191"]
[BlackElo "1996"]
[PlyCount "107"]
[EventDate "2018.??.??"]
[WhiteTeam "SF Berlin 1903 e.V."]
[BlackTeam "SC Kreuzberg e.V."]

1. e4 e5 2. Nf3 Nc6 3. Nc3 Nf6 4. Bb5 Bb4 5. d3 d6 6. a3 Bxc3+ 7. bxc3 O-O 8.
Bg5 Qe7 9. O-O Nd8 10. Re1 Bg4 11. Bc4 Ne6 12. Bxe6 Qxe6 13. h3 Bh5 14. Bxf6
Qxf6 15. Re3 Rfe8 16. Qb1 b6 17. Qb5 Bxf3 18. Rxf3 Qe7 19. a4 a5 20. Re1 Rad8
21. c4 Qd7 22. Qb3 Rf8 23. c3 Rde8 24. Qb5 Qxb5 25. cxb5 f6 26. Kf1 Kf7 27. d4
Ke6 28. g4 Rh8 29. Rg3 g5 30. h4 gxh4 31. Rh3 h5 32. d5+ Kf7 33. Rxh4 hxg4 34.
Rxg4 Rh3 35. Ke2 Rg8 36. Rxg8 Kxg8 37. Rg1+ Kf7 38. Rg3 Rxg3 39. fxg3 Kg6 40.
Kf3 Kg5 41. Kf2 Kg4 42. Kg2 f5 43. exf5 Kxf5 44. Kf3 Kg5 45. Kf2 Kg4 46. Kg2 e4
47. Kf2 e3+ 48. Ke2 Kxg3 49. Kxe3 Kg4 50. Ke4 Kg5 51. Ke3 Kf5 52. Kd4 Kf4 53.
c4 Kf5 54. Kd3 1/2-1/2

[Event "Lichtenrader Herbst"]
[Site "Berlin"]
[Date "2018.10.30"]
[Round "4.24"]
[White "Bauder, Herbert"]
[Black "Nowka, Oliver"]
[Result "1-0"]
[WhiteElo "1909"]
[BlackElo "2095"]
[PlyCount "41"]
[EventDate "2018.??.??"]
[WhiteTeam "SG Lasker Stegli"]
[BlackTeam "Thales (FV Schach)"]

1. d4 d5 2. Nf3 Bf5 3. c4 e6 4. Nc3 c6 5. Bg5 Be7 6. Bxe7 Nxe7 7. e3 Nd7 8. Bd3
Bxd3 9. Qxd3 Qb6 10. O-O O-O 11. c5 Qc7 12. Ng5 Nf6 13. f4 h6 14. Nf3 b6 15. b4
bxc5 16. bxc5 Qa5 17. Rab1 Rab8 18. Ne5 Qa3 19. Nxd5 Qxd3 20. Nxe7+ Kh7 21.
Nxd3 1-0

[Event "Lichtenrader Herbst"]
[Site "Berlin"]
[Date "2018.10.30"]
[Round "4.25"]
[White "Grassi, Fabrizio"]
[Black "Feil, Stephan"]
[Result "0-1"]
[WhiteElo "1896"]
[BlackElo "2082"]
[PlyCount "50"]
[EventDate "2018.??.??"]
[WhiteTeam "SV Berlin-Friedrichstadt"]
[BlackTeam "SK 1962 Ladenburg"]

1. d4 Nf6 2. Bf4 g6 3. e3 Bg7 4. Nf3 d6 5. Be2 O-O 6. O-O Nbd7 7. h3 b6 8. a4
a6 9. c3 Bb7 10. Nbd2 Re8 11. Bh2 e5 12. dxe5 dxe5 13. Bc4 h6 14. Nh4 Nf8 15.
Qb3 Qe7 16. Ndf3 Ne4 17. Rad1 Nc5 18. Qa2 b5 19. Bd5 c6 20. Bb3 Nxb3 21. Qxb3
e4 22. Rd6 exf3 23. Nxg6 Qg5 24. Nf4 Be5 25. h4 Qg7 0-1

[Event "Lichtenrader Herbst"]
[Site "Berlin"]
[Date "2018.10.30"]
[Round "4.26"]
[White "Krefenstein, Sergej"]
[Black "Fahland, Maximilian"]
[Result "1-0"]
[WhiteElo "2116"]
[BlackElo "1941"]
[PlyCount "61"]
[EventDate "2018.??.??"]
[WhiteTeam "TuS Makkabi Berlin e.V."]
[BlackTeam "SK Heidenau"]

1. d4 Nf6 2. Bf4 d5 3. e3 Bf5 4. c4 e6 5. Qb3 Qc8 6. Nc3 c6 7. Nf3 h6 8. Rc1
dxc4 9. Bxc4 Be7 10. h3 O-O 11. O-O Nbd7 12. Rfe1 Ne4 13. Nxe4 Bxe4 14. Nd2 Bh7
15. e4 Nb6 16. Bf1 Qd7 17. Nf3 Rfd8 18. a4 Bf6 19. a5 Nc8 20. a6 b6 21. d5 exd5
22. exd5 Qxd5 23. Rcd1 Bd3 24. Qxd5 cxd5 25. Bxd3 Nd6 26. Be5 Bxe5 27. Rxe5 Ne8
28. Rc1 Kf8 29. Nd4 Nf6 30. Rc7 Rdc8 31. Ree7 1-0

[Event "Lichtenrader Herbst"]
[Site "Berlin"]
[Date "2018.10.30"]
[Round "4.27"]
[White "Kievelitz, Bernd"]
[Black "Rettore, Ludwig"]
[Result "0-1"]
[WhiteElo "1832"]
[BlackElo "2076"]
[PlyCount "42"]
[EventDate "2018.??.??"]
[WhiteTeam "SC Zitadelle Spandau 1977 e.V."]
[BlackTeam "Il Castalletto"]

1. Nf3 e5 2. Nxe5 Nc6 3. Nxc6 dxc6 4. d4 Qe7 5. e3 Be6 6. b3 Qg5 7. Bb2 O-O-O
8. Nd2 Nf6 9. Nf3 Qa5+ 10. Qd2 Bb4 11. c3 Bd6 12. Bd3 Bd5 13. b4 Qb6 14. a4 a5
15. Ba3 Ne4 16. Bxe4 Bxe4 17. O-O Bxf3 18. gxf3 c5 19. bxc5 Bxh2+ 20. Kxh2 Qh6+
21. Kg3 Qg6+ 0-1

[Event "Lichtenrader Herbst"]
[Site "Berlin"]
[Date "2018.10.30"]
[Round "4.28"]
[White "Fartmann, Oliver"]
[Black "Kuechler, Felix"]
[Result "1-0"]
[WhiteElo "2014"]
[BlackElo "1781"]
[PlyCount "67"]
[EventDate "2018.??.??"]
[WhiteTeam "SV Mattnetz Berlin e.V."]
[BlackTeam "SV SF Friedrichshagen"]

1. d4 Nf6 2. c4 e5 3. dxe5 Ng4 4. e3 Nxe5 5. Nh3 Bc5 6. Be2 O-O 7. Nf4 a5 8.
O-O Ra6 9. Qd5 Qe7 10. Bd2 Re8 11. Rd1 Bb4 12. a3 Bxd2 13. Nxd2 Rh6 14. Qxa5
Qh4 15. h3 b6 16. Qa7 Nbc6 17. Qxc7 Ng6 18. Nf3 Qf6 19. Rd2 Nce5 20. Nd5 Nxf3+
21. Bxf3 Qg5 22. Qg3 Qd8 23. Rad1 Nh4 24. Nf4 Re5 25. Rd5 Re7 26. Bg4 Ng6 27.
Rd6 f6 28. Nxg6 Rxg6 29. Qf3 Rg5 30. Qa8 Rc5 31. Rxd7 Rxd7 32. Rxd7 Qf8 33.
Be6+ Kh8 34. Rd4 1-0

[Event "Lichtenrader Herbst"]
[Site "Berlin"]
[Date "2018.10.30"]
[Round "4.29"]
[White "Schmalzried, Volker"]
[Black "Bolk, Matthias"]
[Result "0-1"]
[WhiteElo "1808"]
[BlackElo "2080"]
[PlyCount "88"]
[EventDate "2018.??.??"]
[BlackTeam "SC Kreuzberg e.V."]

1. c4 e5 2. Nc3 Nf6 3. g3 c6 4. Bg2 d5 5. cxd5 cxd5 6. d3 Nc6 7. Nf3 d4 8. Nb1
Be6 9. O-O Be7 10. Nbd2 O-O 11. a3 Rc8 12. b4 a6 13. Ng5 Bd5 14. Nge4 Nxe4 15.
Bxe4 Bxe4 16. Nxe4 Qd5 17. Nd2 b5 18. Qb3 Qd7 19. Ne4 a5 20. Bd2 a4 21. Qa2 Kh8
22. Rac1 f5 23. Nc5 Qd6 24. f4 Bf6 25. fxe5 Bxe5 26. Bf4 g6 27. Ne6 Bxf4 28.
Rxf4 Rfe8 29. Nc5 Qe5 30. Re1 g5 31. Rf2 f4 32. Ne4 Rf8 33. Ref1 Ne7 34. Qd2
Nd5 35. Rc1 Nc3 36. Rcf1 Nxe4 37. dxe4 Qxe4 38. Rc1 Qe3 39. Rxc8 Rxc8 40. Qxe3
fxe3 41. Rf5 Rc1+ 42. Kg2 Re1 43. Rxb5 Rxe2+ 44. Kf3 Rf2+ 0-1

[Event "Lichtenrader Herbst"]
[Site "Berlin"]
[Date "2018.10.30"]
[Round "4.30"]
[White "Jesse, Timo"]
[Black "Schauties, Nico Antonio"]
[Result "1-0"]
[WhiteElo "2064"]
[BlackElo "1863"]
[PlyCount "53"]
[EventDate "2018.??.??"]
[WhiteTeam "ESV 1949 Eberswalde e.V."]
[BlackTeam "SV Mattnetz Berlin e.V."]

1. e4 e6 2. d4 d5 3. e5 c5 4. c3 Nc6 5. Nf3 Qb6 6. Bd3 Bd7 7. dxc5 Bxc5 8. O-O
a5 9. Nbd2 Qa7 10. Nb3 Bb6 11. Bf4 Nge7 12. Qe2 Ng6 13. Bg3 a4 14. Nbd2 d4 15.
Nc4 dxc3 16. Nd6+ Ke7 17. bxc3 Bc5 18. Nb5 Qa5 19. h4 Na7 20. Nxa7 Bxa7 21. h5
Nf8 22. Bh4+ Ke8 23. Rab1 Rb8 24. Rfd1 Qxc3 25. Bb5 Bxb5 26. Qxb5+ Qc6 27.
Qxc6+ 1-0

[Event "Lichtenrader Herbst"]
[Site "Berlin, Germany"]
[Date "2018.10.31"]
[Round "5.1"]
[White "Florstedt, Johannes"]
[Black "Starostits, Ilmars"]
[Result "1-0"]
[WhiteElo "2310"]
[BlackElo "2454"]
[PlyCount "77"]
[EventDate "2018.??.??"]

1. e4 c6 2. d4 d5 3. e5 Bf5 4. h4 h6 5. g4 Bd7 6. Nc3 c5 7. dxc5 e6 8. Be3 Qc7
9. f4 Bxc5 10. Qd2 Bxe3 11. Qxe3 h5 12. gxh5 Ne7 13. Bd3 Rxh5 14. O-O-O a6 15.
Nf3 Nbc6 16. Ng5 Rh8 17. Ne2 Nb4 18. Kb1 Nxd3 19. cxd3 Nf5 20. Qf2 Bb5 21. Ng3
Nxh4 22. f5 Qe7 23. Qf4 Ng2 24. Rxh8+ Kd7 25. Qf2 Rxh8 26. f6 gxf6 27. exf6 Qb4
28. Nxf7 Rc8 29. Ne5+ Kd6 30. d4 Nh4 31. Qf4 Ng2 32. Qf2 Nh4 33. Qh2 Kc7 34.
Qxh4 Kb6 35. Qf4 Ba4 36. Rc1 Rh8 37. Nd3 Qb5 38. Qc7+ Ka7 39. Qc5+ 1-0

[Event "Lichtenrader Herbst"]
[Site "Berlin, Germany"]
[Date "2018.10.31"]
[Round "5.2"]
[White "Stern, Rene"]
[Black "Biriukov, Nikolai"]
[Result "1-0"]
[WhiteElo "2527"]
[BlackElo "2363"]
[PlyCount "81"]
[EventDate "2018.??.??"]

1. Nf3 Nf6 2. c4 c5 3. Nc3 g6 4. e4 d6 5. d4 cxd4 6. Nxd4 Bg7 7. Be2 Nc6 8. Be3
O-O 9. Qd2 Nxd4 10. Bxd4 Be6 11. O-O a5 12. f3 a4 13. Rfd1 Qa5 14. Nd5 Nxd5 15.
Qxa5 Rxa5 16. cxd5 Bd7 17. Rac1 Bb5 18. Bxg7 Kxg7 19. Kf2 Bxe2 20. Kxe2 Rb5 21.
Rd2 Ra8 22. Rc7 Kf6 23. f4 h5 24. Kf3 Re8 25. g3 Rb4 26. Re2 Kg7 27. Rec2 f5
28. R7c4 fxe4+ 29. Kxe4 Rb5 30. Rxa4 e6 31. dxe6 Rxe6+ 32. Kf3 d5 33. Rd4 Re1
34. Rcd2 Ra5 35. Rxd5 Rxa2 36. Rd7+ Kh6 37. Rxb7 Rf1+ 38. Ke2 Rg1 39. Kf2 Rb1
40. Kg2 Re1 41. Rdd7 1-0

[Event "Lichtenrader Herbst"]
[Site "Berlin, Germany"]
[Date "2018.10.31"]
[Round "5.3"]
[White "Shishkin, Vadim"]
[Black "Glantz, Robert"]
[Result "1/2-1/2"]
[WhiteElo "2453"]
[BlackElo "2285"]
[PlyCount "176"]
[EventDate "2018.??.??"]

1. d4 Nf6 2. c4 e6 3. Nc3 d5 4. cxd5 exd5 5. Bg5 c6 6. e3 Be7 7. Bd3 Nbd7 8.
Nge2 h6 9. Bh4 Nh5 10. Bxe7 Qxe7 11. g4 Nhf6 12. h3 Nb6 13. Qc2 Bd7 14. O-O-O
O-O-O 15. Kb1 Kb8 16. Nc1 g6 17. Rhe1 h5 18. f3 hxg4 19. hxg4 Rh3 20. Qg2 Rdh8
21. Bf1 Rh2 22. Qg3+ Ka8 23. Nb3 Qb4 24. Re2 Rxe2 25. Bxe2 Qe7 26. Qf4 Bc8 27.
e4 Be6 28. Nc5 Ne8 29. Bd3 g5 30. Qg3 dxe4 31. Bxe4 Nc7 32. Nxe6 Nxe6 33. d5
cxd5 34. Nxd5 Nxd5 35. Bxd5 Nf4 36. Be4 Rd8 37. Qe1 Kb8 38. a3 Rxd1+ 39. Qxd1
a6 40. Qd4 Ne6 41. Qe5+ Qc7 42. Qf6 Qf4 43. Qh8+ Kc7 44. Qe8 Qf6 45. Bd5 Nd8
46. Qe4 Kb8 47. Qb4 Kc7 48. Qa5+ Kb8 49. Qc5 Qe5 50. Qc4 Qe7 51. Kc2 Qf6 52.
Qc3 Qd6 53. Qc4 Qf6 54. a4 Qe7 55. b4 Qf6 56. b5 axb5 57. Qxb5 Qe7 58. a5 Kc8
59. Kd3 Qd6 60. Qc4+ Kb8 61. Kc2 Qe7 62. a6 bxa6 63. Qxa6 Qc5+ 64. Qc4 Qe7 65.
Kd3 Qf6 66. Qc5 Qg6+ 67. Ke3 Qf6 68. Qd4 Qe7+ 69. Kf2 Kc7 70. Qc4+ Kd6 71. Qb4+
Kd7 72. Qb5+ Kd6 73. Bc4 Qf6 74. Qb4+ Kd7 75. Bb5+ Ke6 76. Qc4+ Kd6 77. Qb4+
Ke6 78. Bd3 Kd7 79. Qb5+ Kd6 80. Qb6+ Ke7 81. Qc5+ Kd7 82. Bb5+ Ke6 83. Bd3 Kd7
84. Be4 Ke8 85. Bd5 Qe7 86. Qc3 f6 87. Qd3 Kf8 88. Qc4 Kg7 1/2-1/2

[Event "Lichtenrader Herbst"]
[Site "Berlin, Germany"]
[Date "2018.10.31"]
[Round "5.4"]
[White "Polatel, Ali"]
[Black "Rakotomaharo, Fy Antenaina"]
[Result "0-1"]
[WhiteElo "2214"]
[BlackElo "2422"]
[PlyCount "144"]
[EventDate "2018.??.??"]

1. Nf3 d5 2. d4 Nf6 3. c4 e6 4. g3 Be7 5. Bg2 O-O 6. O-O c6 7. Qc2 b6 8. Rd1
Bb7 9. b3 Nbd7 10. Nc3 Rc8 11. e4 h6 12. Bb2 Bb4 13. e5 Ne8 14. Ne1 Nc7 15. Nd3
Be7 16. Rac1 Ba6 17. Nf4 dxc4 18. Bxc6 Bg5 19. Ba3 Bxf4 20. gxf4 Qh4 21. Bxf8
Nxf8 22. b4 Nd5 23. Bxd5 exd5 24. f5 Qg4+ 25. Kf1 Rd8 26. f3 Qh3+ 27. Kg1 Bc8
28. f6 Ng6 29. Qg2 Qh4 30. Qg3 gxf6 31. Qxh4 Nxh4 32. f4 Bg4 33. Rf1 Nf5 34.
Kf2 Kf8 35. Rg1 Bh5 36. exf6 Nxd4 37. Rge1 Nc6 38. a3 a6 39. f5 b5 40. Re3 Bg4
41. Rg1 Bxf5 42. Ne2 Rd6 43. Nf4 Bh7 44. Rge1 Rxf6 45. Re8+ Kg7 46. Kg3 Bg6 47.
Nxd5 Rd6 48. Ne3 Rd3 49. Kf4 Nd4 50. a4 c3 51. axb5 axb5 52. Rc8 c2 53. Nxc2
Rf3+ 54. Ke5 Nxc2 55. Rb1 Na3 56. Ra1 Rb3 57. Kd6 Nc2 58. Raa8 Rxb4 59. Rg8+
Kf6 60. Kc5 Rh4 61. Kxb5 Rxh2 62. Kc5 Ne3 63. Ra6+ Kg5 64. Re8 Nf5 65. Re1 h5
66. Kd5 h4 67. Ke5 Ng3 68. Kd4 Rg2 69. Ke3 h3 70. Ra5+ f5 71. Ra8 f4+ 72. Kd4
Rd2+ 0-1

[Event "Lichtenrader Herbst"]
[Site "Berlin"]
[Date "2018.10.31"]
[Round "5.5"]
[White "Bruedigam, Martin"]
[Black "Brustkern, Juergen"]
[Result "1/2-1/2"]
[WhiteElo "2392"]
[BlackElo "2203"]
[PlyCount "109"]
[EventDate "2018.??.??"]
[WhiteTeam "SK König Tegel 1949 e.V."]
[BlackTeam "SK Zehlendorf e.V."]

1. e4 c5 2. Nf3 Nc6 3. Bb5 g6 4. Bxc6 bxc6 5. O-O Bg7 6. Re1 Nh6 7. c3 O-O 8.
d4 cxd4 9. cxd4 d5 10. e5 f6 11. h3 Nf7 12. Nc3 g5 13. e6 Nd6 14. Qc2 h6 15. b3
f5 16. Ne5 Qe8 17. Na4 Bxe6 18. Nxc6 Ne4 19. Ba3 Bf6 20. Ne5 Rc8 21. Nc5 Bxe5
22. dxe5 Qb5 23. b4 d4 24. Rxe4 fxe4 25. Qxe4 Bf5 26. Qxd4 Rfd8 27. Qe3 Qc4 28.
g4 Bg6 29. e6 Qd4 30. Qe1 Rd5 31. Rc1 Re5 32. Qf1 Rd8 33. b5 Bd3 34. Nxd3 Qxd3
35. Bxe7 Qxf1+ 36. Kxf1 Re8 37. Rc7 Rxb5 38. Rxa7 Rb1+ 39. Kg2 Rb6 40. a4 Rxe6
41. Bc5 Rc6 42. Be3 Rc2 43. Kg3 Rc3 44. Kf3 Ra3 45. a5 Re5 46. a6 Rea5 47. Ra8+
Kh7 48. a7 R5a4 49. Kg3 Kg7 50. h4 Kh7 51. h5 Kg7 52. Kf3 Kh7 53. Kg3 Kg7 54.
Kf3 Kh7 55. Kg3 1/2-1/2

[Event "Lichtenrader Herbst"]
[Site "Berlin"]
[Date "2018.10.31"]
[Round "5.6"]
[White "Maetzkow, Maximilian Paul"]
[Black "Kurayan, Ruslan"]
[Result "1/2-1/2"]
[WhiteElo "2193"]
[BlackElo "2385"]
[PlyCount "61"]
[EventDate "2018.??.??"]
[WhiteTeam "ESV 1949 Eberswalde e.V."]
[BlackTeam "SF Gerresheim 86 e.V."]

1. e4 c5 2. Nf3 d6 3. d4 Nf6 4. Nc3 cxd4 5. Nxd4 g6 6. Be3 Bg7 7. f3 O-O 8. Qd2
Nc6 9. Bc4 Bd7 10. O-O-O Rb8 11. Nd5 b5 12. Nxf6+ Bxf6 13. Nxc6 Bxc6 14. Bd5
Qc7 15. Bd4 Bxd5 16. exd5 Bxd4 17. Qxd4 Rfc8 18. Qe4 Rb6 19. Kb1 Ra6 20. Rd4
Rb6 21. h4 Qd7 22. h5 Qf5 23. hxg6 hxg6 24. Qxf5 gxf5 25. Rh5 e5 26. dxe6 fxe6
27. Rdh4 Rbc6 28. Rh8+ Kg7 29. R8h7+ Kg8 30. Rh8+ Kg7 31. R8h7+ 1/2-1/2

[Event "Lichtenrader Herbst"]
[Site "Berlin"]
[Date "2018.10.31"]
[Round "5.7"]
[White "Stets, Dmitry"]
[Black "Wiegand, Christian"]
[Result "1-0"]
[WhiteElo "2373"]
[BlackElo "1930"]
[PlyCount "57"]
[EventDate "2018.??.??"]
[WhiteTeam "SF Gerresheim 86 e.V."]
[BlackTeam "SK Duderstadt"]

1. e4 d5 2. exd5 Nf6 3. c4 e6 4. d4 exd5 5. Nc3 Bb4 6. Nf3 O-O 7. Bd3 dxc4 8.
Bxc4 Nc6 9. O-O Bg4 10. Be3 Bxc3 11. bxc3 Ne4 12. Rc1 Qf6 13. Be2 Rfe8 14. Qb3
Nd2 15. Nxd2 Bxe2 16. Rfe1 Ba6 17. Qa4 Qf5 18. c4 Qa5 19. Qc2 Nb4 20. Qb3 c5
21. a3 Nc6 22. dxc5 Rad8 23. Nf3 h6 24. h3 Qc7 25. Qc3 Qa5 26. Qb2 Rd3 27. Bxh6
Rxe1+ 28. Nxe1 Rd4 29. Nf3 1-0

[Event "Lichtenrader Herbst"]
[Site "Berlin"]
[Date "2018.10.31"]
[Round "5.8"]
[White "Tomov, Georgi"]
[Black "Schmidt, Juergen"]
[Result "1-0"]
[WhiteElo "2330"]
[BlackElo "1901"]
[PlyCount "95"]
[EventDate "2018.??.??"]
[BlackTeam "SC Kreuzberg e.V."]

1. Nf3 Nf6 2. d4 d5 3. c4 e6 4. e3 c6 5. b3 Nbd7 6. Bd3 Bd6 7. Bb2 O-O 8. O-O
Ng4 9. h3 Nh6 10. Qc2 f5 11. Ne5 Nf6 12. f3 Nh5 13. Nd2 Bxe5 14. dxe5 Ng3 15.
Rf2 Bd7 16. Nf1 Nxf1 17. Raxf1 Rc8 18. f4 Kh8 19. Qd1 Be8 20. cxd5 cxd5 21. Rc2
Rxc2 22. Qxc2 Bc6 23. Bd4 g5 24. Qc5 g4 25. Qd6 gxh3 26. Qxd8 h2+ 27. Kxh2 Ng4+
28. Kg1 Rxd8 29. Rc1 Ra8 30. b4 a6 31. a4 Kg8 32. b5 axb5 33. axb5 Be8 34. Rc7
Ra3 35. Be2 Rb3 36. Bxg4 fxg4 37. Kf2 Rxb5 38. Kg3 Bg6 39. Kxg4 Ra5 40. Kg5 Ra8
41. Rxb7 Rf8 42. g4 Bf7 43. f5 h5 44. gxh5 Re8 45. h6 Rf8 46. Bc5 Rc8 47. Bd6
exf5 48. e6 1-0

[Event "Lichtenrader Herbst"]
[Site "Berlin"]
[Date "2018.10.31"]
[Round "5.9"]
[White "Baum, Jonasz"]
[Black "Heuer, Thomas"]
[Result "1-0"]
[WhiteElo "2273"]
[BlackElo "2097"]
[PlyCount "151"]
[EventDate "2018.??.??"]
[BlackTeam "BSC Rehberge 1945 e.V."]

1. e4 c5 2. Nf3 Nc6 3. Nc3 g6 4. d4 cxd4 5. Nxd4 Bg7 6. Nb3 Nf6 7. Be2 O-O 8.
O-O d6 9. Re1 Be6 10. Bf1 d5 11. Nc5 dxe4 12. Nxe6 Qxd1 13. Rxd1 fxe6 14. Bc4
Kf7 15. Bg5 Na5 16. Bf1 Rfc8 17. Rd4 Nc6 18. Rd2 Nb4 19. Re1 Nfd5 20. Nxd5 Nxd5
21. c3 h6 22. Be3 h5 23. Bd4 Bxd4 24. Rxd4 Nf6 25. Bc4 Rd8 26. Red1 Rxd4 27.
Rxd4 Rc8 28. Kf1 Rc6 29. Bb3 Rd6 30. Rd1 Rxd1+ 31. Bxd1 Nd5 32. Bc2 Nf6 33. Ke2
e5 34. Bb3+ e6 35. Bc2 Ke7 36. h3 Kd6 37. Ke3 Kd5 38. Bb3+ Kd6 39. Bc2 Kd5 40.
Bb3+ Kd6 41. Bc4 h4 42. a3 a5 43. Be2 b6 44. c4 Kc5 45. b3 g5 46. Bf1 g4 47. g3
hxg3 48. fxg3 gxh3 49. Bxh3 Nh5 50. g4 Nf4 51. Bf1 Kd6 52. Kxe4 Ng6 53. Be2 Nf8
54. Kf3 Kc5 55. g5 Kd4 56. b4 axb4 57. axb4 e4+ 58. Kg4 Ke3 59. c5 bxc5 60.
bxc5 Ng6 61. Bb5 Kd4 62. c6 Ke5 63. c7 Ne7 64. Ba6 e3 65. g6 Kf6 66. Kh5 Kg7
67. Kg5 e5 68. Bb5 Nc8 69. Ba6 Nd6 70. Kh5 e4 71. Kg5 Nc8 72. Kf4 Kxg6 73. Bxc8
e2 74. Bf5+ Kf6 75. c8=Q e1=Q 76. Qf8# 1-0